banner-ar

الطب والتحنيط فى عهد الفراعنة / (Record no. 58018)

MARC details
000 -الفاتح
حقل البيانات ثابتة الطول 00795nam a2200217Ia 4500
005 - وقت وتاريخ اخر تعامل مع التسجيلة
رقم الضبط 20240530110020.0
008 - عناصر البيانات ثابتة الطول - معلومات عامة
حقل البيانات ثابتة الطول 140319s9999 xx 000 0 ara d
040 ## - مصدر الفهرسة
وكالة الفهرسة الأصلية GCL /
وكالة النسخ GCL
082 04 - رقم تصنيف ديوى العشرى
رقم التصنيف ق/610.9/
رقم المادة ج ط
100 0# - المدخل الرئيسى - إسم شخصى
الإسم الشخصى جبار، يوليوس
245 10 - بيان العنوان
العنوان الطب والتحنيط فى عهد الفراعنة /
بيان المسئوليه,etc الطب يوليوس جبار ؛ التحنيط لويس ريتر ؛ تعريب انطوان زكرى
260 ## - PUBLICATION, DISTRIBUTION, ETC. (IMPRINT)
تاريخ النشر أو التوزيع 1993
300 ## - الوصف المادى
التعداد 207 ص :
تفاصيل ماديه اخرى للوعاء صور ؛
أبعاد الوعاء 24 سم.
650 04 - المدخل الاضافى بالموضوع-مصطلح موضوعى
مصطلح موضوعي مصر القديمة
650 04 - المدخل الاضافى بالموضوع-مصطلح موضوعى
مصطلح موضوعي الحضارة الفرعونية
650 04 - المدخل الاضافى بالموضوع-مصطلح موضوعى
مصطلح موضوعي الطب - تاريخ
700 1# - المدخل الاضافى - اسم شخصى
الإسم الشخصى ريتر، لويس
الدور محنط
700 0# - المدخل الاضافى - اسم شخصى
الإسم الشخصى انطوان زكرى
الدور مترجم
942 ## - عناصر المدخل الإضافي( كوها)
مصدر التصنيف او مخطط الترفيف Dewey Decimal Classification
Koha [default] item type كتاب
260 ## - PUBLICATION, DISTRIBUTION, ETC. (IMPRINT)
-- القاهرة :
-- مكتبة مدبولى ،
Holdings
حالة التراجع حالة الفقد حالة تلف ليس للاعارة المكان المؤقت الموقع الحالى تاريخ الاكتساب اجمالي اﻻعارات رقم الطلب الباركود تاريخ اخر مشاهدة تاريخ تفعيل السعر نوع وعاء كوها
        مكتبة القاهرة الكبرى مكتبة القاهرة الكبرى 03/26/2014   ق\610.9\ج ط 149533 03/26/2014 03/26/2014 كتاب
        مكتبة القاهرة الكبرى مكتبة القاهرة الكبرى 03/26/2014   ق\610.9\ج ط 149534 03/26/2014 03/26/2014 كتاب
        مكتبة القاهرة الكبرى مكتبة القاهرة الكبرى 03/26/2014   ق\610.9\ج ط 149535 03/26/2014 03/26/2014 كتاب

Powered By

EGPV